000 00439nam a2200157 i 4500
001 142426
003 ES-MaACL
005 20230906200522.0
007 t|
008 071005s1916 sp ||||1| spa d
100 1 _aVillaespesa, Francisco.
_9114917
245 1 0 _aPaz
_b: (poesías) /
_cFrancisco Villaespesa.
260 _aMadrid :
_b[s.n.,
_c1916?] (
_fV.H. de Sanz Calleja)
300 _a228 p. ;
_c19 cm.
852 _aES-MaACL
_jF-6959
999 _c142426
_d142426